[Event "Clock Simul"]
[Site "Sao Paulo BRA"]
[Date "2001.09.03"]
[Round "?"]
[White "Short,N"]
[Black "Cukier,M"]
[Result "1-0"]
[WhiteElo "2664"]
[BlackElo "2153"]

1.e4 c5 2.Nc3 Nc6 3.g3 g6 4.Bg2 Bg7 5.d3 d6 6.f4 Rb8 7.Nf3 b5 8.a3 e6 9.O-O Nge7
10.Be3 Nd4 11.e5 Nef5 12.Bf2 d5 13.Nxd4 Nxd4 14.b4 Bf8 15.Bxd4 cxd4 16.Ne2 a5
17.Rb1 axb4 18.axb4 Qb6 19.Qe1 Bd7 20.Qf2 Be7 21.Nxd4 O-O 22.c3 Rfc8 23.Rbc1 Ra8
24.Kh1 Bf8 25.Qb2 Ra4 26.Ra1 Rca8 27.Rxa4 Rxa4 28.Nb3 Qe3 29.d4 h5 30.Qd2 Qxd2
31.Nxd2 Ra2 32.Rd1 Bh6 33.h4 Kf8 34.Bf1 f6 35.exf6 e5 36.dxe5 Bg4 37.Re1 Rxd2
38.e6 Bf3+ 39.Kg1 Be4 40.Bxb5 Rg2+ 41.Kf1  1-0

[Event "Queens v Kings"]
[Site "Jinan CHN"]
[Date "2002.07.21"]
[Round "2"]
[White "Xie Jun"]
[Black "Short,N"]
[Result "1-0"]
[WhiteElo "2562"]
[BlackElo "2682"]

1.e4 e6 2.d4 d5 3.Nd2 c5 4.exd5 exd5 5.Ngf3 Nc6 6.Bb5 cxd4 7.O-O Bd6 8.Nb3 Ne7
9.Nbxd4 O-O 10.Bg5 Qb6 11.c3 a6 12.Bxc6 bxc6 13.Re1 Ng6 14.Qc2 Bd7 15.b3 Rfe8
16.Rxe8+ Rxe8 17.Re1 Rxe1+ 18.Nxe1 c5 19.Ndf3 h6 20.Be3 Qc7 21.Qd2 Ne7 22.h3 Bf5
23.Nd3 Be4 24.Nfe1 g5 25.b4 cxb4 26.cxb4 Qc4 27.Bc5 Bxc5 28.Nxc5 Nc6 29.Nxe4 dxe4
30.a3 Nd4 31.h4 f6 32.hxg5 hxg5 33.Qe3 Kf7 34.Kh2 Ne6 35.Qa7+ Kg6 36.Qe7 Ng7
37.f3 exf3 38.Nxf3 Qf4+ 39.Kg1 Qc1+ 40.Kh2 Qxa3 41.Qe4+ Kh6 42.Qd4 Nh5 43.Qd8 Qb3
44.Qh8+ Kg6 45.Qe8+ Qf7 46.Qc6 Qe7 47.Qxa6 Qxb4 48.Qd3+ Kh6 49.Qd8 Qf4+ 50.Kg1 Ng7
51.Nd4 g4 52.Qh8+ Kg6 53.Qxg7+  1-0

[Event "Blitz"]
[Site "Reykjavik ISL"]
[Date "2004.03.17"]
[Round "1"]
[White "Hjartarson,J"]
[Black "Short,N"]
[Result "1-0"]
[WhiteElo "2640"]
[BlackElo "2702"]

1.d4 Nf6 2.c4 e6 3.Nf3 d5 4.Nc3 Be7 5.Bg5 h6 6.Bxf6 Bxf6 7.e3 O-O 8.Qc2 Re8
9.O-O-O c6 10.h4 dxc4 11.Bxc4 b5 12.Be2 g6 13.g4 Bg7 14.g5 h5 15.Ne5 Nd7
16.f4 Bb7 17.Bf3 Rc8 18.Kb1 Qe7 19.Ne4 Nb6 20.Nc5 Ba8 21.Nxg6 fxg6 22.Qxg6 Na4
23.Ne4 Rf8 24.Rhg1 Rf7 25.Bxh5 Rd8 26.Rc1 Kf8 27.Qxf7+ Qxf7 28.Nf6 c5  1-0

[Event "TCh-FRA Nat1 GpB"]
[Site "Montpellier FRA"]
[Date "2004.04.02"]
[Round "5"]
[White "Schmitt,An"]
[Black "Short,N"]
[Result "0-1"]
[WhiteElo "2267"]
[BlackElo "2702"]

1.e4 e6 2.d4 d5 3.e5 b6 4.c3 Qd7 5.Nf3 Ne7 6.h4 c5 7.h5 h6 8.b3 Ba6 9.Bxa6 Nxa6
10.Qe2 Nc7 11.dxc5 bxc5 12.c4 Nc6 13.Rh4 d4 14.Nbd2 O-O-O 15.Kf1 Be7 16.Rg4 Rdg8
17.a3 g6 18.Qe4 gxh5 19.Rxg8+ Rxg8 20.Qh7 Qe8 21.Qxh6 h4 22.Qf4 Qf8 23.Ne4 Qg7
24.g3 hxg3 25.fxg3 Qh7 26.Kf2 Qh5 27.Bd2 Rg4 28.Nf6 Bxf6 29.Qxf6 Kd7 30.b4 d3
31.Rg1 cxb4 32.axb4 Rxc4 33.g4 Qh7 34.g5 Ne7 35.Qh6 Qg8 36.Rh1 Re4 37.Re1 Rc4
38.Rh1 Nf5 39.Qh7 Qxh7 40.Rxh7 Ke8 41.Ne1 Nd5 42.Nxd3 Rd4 43.Rh3 Kf8 44.Ke2 Kg7
45.Rf3 Rh4 46.Rf2 Nd4+ 47.Kd1 Nc6 48.Nc5 Nxe5 49.b5 Nc4 50.Bc1 Nc3+ 51.Kc2 Nxb5
52.Nd7  0-1

[Event "Bosnia GM"]
[Site "Sarajevo BIH"]
[Date "2004.05.21"]
[Round "4"]
[White "Atalik,S"]
[Black "Short,N"]
[Result "1/2-1/2"]
[WhiteElo "2554"]
[BlackElo "2712"]

1.d4 Nf6 2.c4 e6 3.Nc3 Bb4 4.Qc2 d5 5.cxd5 exd5 6.Bg5 h6 7.Bh4 c5 8.dxc5 g5
9.Bg3 Ne4 10.e3 Qa5 11.Ne2 Bf5 12.Be5 O-O 13.Nd4 Re8 14.Bxb8 Bg6 15.Bd3 Raxb8
16.O-O Qxc5 17.Rac1 Rec8 18.f3 Nxc3 19.Bxg6 Ne2+ 20.Qxe2 Qxc1 21.Bf5 Qd2
22.Bxc8 Qxe2 23.Nxe2 Rxc8 24.Nd4 Bd2 25.Kf2 Bc1 26.b3 Bb2 27.Re1 Bxd4  1/2-1/2

[Event "Amplico AIG Life"]
[Site "Warsaw POL"]
[Date "2004.12.18"]
[Round "2"]
[White "Short,N"]
[Black "Paterek,M"]
[Result "1-0"]
[WhiteElo "2687"]
[BlackElo "2269"]

1.e4 c6 2.Ne2 d5 3.e5 Bf5 4.Ng3 Qd7 5.Nxf5 Qxf5 6.d4 Nh6 7.Bd3 Qd7 8.O-O Nf5
9.c3 e6 10.Nd2 Be7 11.Nf3 O-O 12.g4 Nh4 13.Nxh4 Bxh4 14.g5 f6 15.Qh5 Bxg5
16.Bxh7+ Kh8 17.Bxg5  1-0

[Event "Amplico AIG Life"]
[Site "Warsaw POL"]
[Date "2004.12.18"]
[Round "6"]
[White "Short,N"]
[Black "Zhigalko,A"]
[Result "1-0"]
[WhiteElo "2687"]
[BlackElo "2515"]

1.e4 c5 2.Nf3 d6 3.d4 cxd4 4.Nxd4 Nf6 5.Nc3 a6 6.a3 e6 7.f4 Be7 8.Be3 Nc6
9.Bd3 O-O 10.O-O Qc7 11.Kh1 b5 12.Qf3 Bb7 13.Rae1 Nd7 14.Qh3 Nc5 15.f5 Nxd4
16.Bxd4 e5 17.Bxc5 dxc5 18.f6 Bxf6 19.Nd5 Qd6 20.Rxf6 gxf6 21.Qh6  1-0

[Event "Amplico AIG Life Gp1"]
[Site "Warsaw POL"]
[Date "2004.12.19"]
[Round "2"]
[White "Short,N"]
[Black "Fedorchuk,S"]
[Result "1-0"]
[WhiteElo "2687"]
[BlackElo "2557"]

1.e4 e5 2.Nf3 Nc6 3.Bb5 a6 4.Ba4 Nf6 5.O-O b5 6.Bb3 Bc5 7.a4 Bb7 8.c3 d6
9.d4 Bb6 10.Re1 h6 11.h3 O-O 12.Be3 exd4 13.cxd4 Na5 14.Bc2 Re8 15.Nbd2 Nxe4
16.Nxe4 Bxe4 17.Bxe4 Rxe4 18.axb5 axb5 19.Qd3 d5 20.Qxb5 Nc4 21.Rxa8 Qxa8
22.b3 Nxe3 23.Rxe3 Bxd4 24.Rxe4 dxe4 25.Nxd4 Qa1+ 26.Kh2 Qxd4 27.Qe8+ Kh7
28.Qxf7 Qe5+ 29.g3 c5 30.Qc4 Qf5 31.Kg1 h5 32.h4 Qe5 33.Kf1 Kg6 34.Ke2 Qf5
35.Qc3 Qg4+ 36.Kd2 Qf5 37.Qe3 Qd5+ 38.Kc3 Kh7 39.Qd2 Qe6 40.Qg5  1-0

[Event "Amplico AIG Life Gp1"]
[Site "Warsaw POL"]
[Date "2004.12.19"]
[Round "4"]
[White "Sergeev,Vl"]
[Black "Short,N"]
[Result "0-1"]
[WhiteElo "2431"]
[BlackElo "2687"]

1.d4 Nf6 2.Nf3 d5 3.Bf4 Bf5 4.e3 e6 5.c3 Bd6 6.Bd3 O-O 7.O-O Bxd3 8.Qxd3 Nbd7
9.Nbd2 Qe7 10.Bg5 h6 11.Bh4 g5 12.Bg3 Bxg3 13.fxg3 c5 14.e4 dxe4 15.Nxe4 Rad8
16.Rae1 Kg7 17.Qe3 Nxe4 18.Qxe4 Nf6 19.Qe3 Rc8 20.Nxg5 cxd4 21.cxd4 Ng4  0-1

[Event "Amplico AIG Life Gp1"]
[Site "Warsaw POL"]
[Date "2004.12.19"]
[Round "5"]
[White "Fedorchuk,S"]
[Black "Short,N"]
[Result "1/2-1/2"]
[WhiteElo "2557"]
[BlackElo "2687"]

1.e4 e5 2.Nf3 Nc6 3.Bc4 Bc5 4.c3 Nf6 5.d3 a6 6.O-O Ba7 7.Bb3 O-O 8.Bg5 h6
9.Bh4 d6 10.Nbd2 Kh8 11.Kh1 Be6 12.Nc4 g5 13.Bg3 Qd7 14.Ne3 Rae8 15.Nd2 Ne7
16.Qf3 Nfg8 17.Qe2 Ng6 18.Bc2 Nf4 19.Qd1 Ne7 20.Nf3 Bxe3 21.fxe3 Nfg6 22.d4 f6
23.Ba4 b5 24.Bc2 Kg7 25.a4 c6 26.Ne1 h5 27.h3 h4 28.Bh2 g4 29.hxg4 Bxg4 30.Qd2 Rh8
31.axb5 axb5 32.Qf2 Ref8 33.Rg1 f5 34.exf5 Nxf5 35.Bxf5 Rxf5 36.Qc2 h3 37.gxh3 Bxh3
38.dxe5 dxe5 39.Nf3 Qe6 40.Qe4 Kf6 41.Ra7 Qc4 42.Rxg6+ Kxg6 43.Nxe5+ Kf6
44.Qxf5+ Bxf5 45.Nxc4 bxc4 46.Kg1 Be4 47.Ra4 Rg8+ 48.Kf1 Bd5 49.Bf4 Kf5 50.Ra7 Ke4
51.Rd7 Kd3 52.Rb7 Rg2 53.Rb8 Rc2 54.Bg5 Ke4 55.Bh6 Rh2 56.Bg5 Kf3 57.Rf8+ Kg4
58.Bf6 Rxb2 59.Be5 Kg5 60.Rf2 Rb1+ 61.Ke2 Be4 62.Rf4 Rb2+ 63.Ke1 Bd3 64.Bd4 Rb5
65.Bf6+ Kg6 66.Kf2  1/2-1/2

[Event "Gibtelecom Masters"]
[Site "Gibraltar ENG"]
[Date "2006.01.24"]
[Round "1"]
[White "Short,N"]
[Black "Arakhamia,K"]
[Result "1-0"]
[WhiteElo "2676"]
[BlackElo "2426"]

1.e4 c5 2.Nf3 Nc6 3.d4 cxd4 4.Nxd4 Nf6 5.Nc3 e5 6.Ndb5 d6 7.Bg5 a6 8.Na3 b5
9.Nd5 Be7 10.Bxf6 Bxf6 11.c4 O-O 12.cxb5 Nd4 13.bxa6 Bg5 14.Nc2 Bg4 15.Qd3 Qa5+
16.b4 Rfc8 17.bxa5 Nxc2+ 18.Qxc2 Rxc2 19.Bd3 Bd2+ 20.Kf1 Rc5 21.f3 Be6 22.Ke2 Bxa5
23.Rhc1 Rxc1 24.Rxc1 Bxd5 25.exd5 Kf8 26.Rc6 Ke7 27.Bf5 Rb8 28.Bc8 Bb6 29.Bb7 Bd4
30.Rc7+ Kf6 31.Kd3  1-0

[Event "Gibtelecom Masters"]
[Site "Gibraltar ENG"]
[Date "2006.01.28"]
[Round "5"]
[White "Short,N"]
[Black "Zhukova,N"]
[Result "1-0"]
[WhiteElo "2676"]
[BlackElo "2432"]

1.e4 e6 2.d4 d5 3.Nc3 Nf6 4.e5 Nfd7 5.f4 c5 6.Nf3 Nc6 7.Be3 a6 8.Qd2 b5 9.a3 Qa5
10.Rb1 b4 11.axb4 Qxb4 12.Be2 g5 13.fxg5 cxd4 14.Nxd4 Ndxe5 15.O-O Bg7 16.Rf4 Qe7
17.Nxc6 Nxc6 18.Rbf1 O-O 19.Bd3 d4 20.Qe2 Qxg5 21.Bxh7+ Kxh7 22.Ne4 Qe5 23.Rh4+ Kg8
24.Bf4 d3 25.Bxe5 dxe2 26.Nf6+  1-0

[Event "Gibtelecom Masters"]
[Site "Gibraltar ENG"]
[Date "2006.01.31"]
[Round "8"]
[White "Bellon Lopez,JuM"]
[Black "Short,N"]
[Result "1/2-1/2"]
[WhiteElo "2415"]
[BlackElo "2676"]

1.d4 e6 2.c4 Nf6 3.Nf3 b6 4.g3 Ba6 5.b3 Bb4+ 6.Bd2 Bxd2+ 7.Nbxd2 Bb7 8.Bg2 c5
9.O-O cxd4 10.Nxd4 Bxg2 11.Kxg2 a6 12.e3 O-O 13.Qf3 Ra7 14.Rfd1 Rc7 15.Ne4 Nxe4
16.Qxe4 Qc8 17.Rd2 Qb7 18.Qxb7 Rxb7 19.Rad1 Rc8 20.e4 Kf8 21.f4 Ke7 22.Kf2 b5
23.cxb5 axb5 24.Ke3 Rc3+ 25.Rd3 Rc5 26.R3d2 Nc6 27.Nxc6+ Rxc6 28.Rd4 Ra7
29.a4 bxa4 30.bxa4 Rc5 31.h4 h5 32.Ra1 f6 33.Kd3 Rac7 34.Ke2 Kd8 35.a5 Kc8
36.a6 Rc2+ 37.Kd1 Rg2 38.Ra3 Ra7  1/2-1/2

[Event "ch-EU"]
[Site "Liverpool ENG"]
[Date "2006.09.07"]
[Round "2"]
[White "Van der Weide,K"]
[Black "Short,N"]
[Result "0-1"]
[WhiteElo "2446"]
[BlackElo "2676"]

1.e4 e5 2.Nf3 Nc6 3.d4 exd4 4.Nxd4 Bc5 5.Be3 Qf6 6.c3 Nge7 7.Bc4 Ne5 8.Be2 Qg6
9.O-O d6 10.f3 O-O 11.Nd2 d5 12.Kh1 dxe4 13.fxe4 Bg4 14.Bf3 Rfe8 15.Qe2 Rad8
16.Rae1 Bd6 17.Nb5 N7c6 18.Nxd6 cxd6 19.b4 a6 20.a4 Qe6 21.b5 axb5 22.axb5 Ne7
23.Bd4 N7g6 24.Bxg4 Nxg4 25.Nf3 Qe7 26.Bg1 Nf6 27.Qc2 Nxe4 28.c4 d5 29.cxd5 Rxd5
30.Qc4 Qe6 31.Bd4 h6 32.Kg1 Nf4  0-1

[Event "ch-EU"]
[Site "Liverpool ENG"]
[Date "2006.09.09"]
[Round "4"]
[White "Galego,L"]
[Black "Short,N"]
[Result "1/2-1/2"]
[WhiteElo "2528"]
[BlackElo "2676"]

1.e4 e5 2.Nf3 Nc6 3.Bb5 a6 4.Bxc6 dxc6 5.O-O f6 6.d4 Bg4 7.dxe5 Qxd1 8.Rxd1 fxe5
9.Be3 Nf6 10.Nbd2 Bd6 11.h3 Be6 12.Ne1 O-O 13.Nd3 Nd7 14.b4 a5 15.Nc5 Bxc5
16.bxc5 a4 17.Rdb1 Rfb8 18.Rb4 Ra5 19.Nc4 Rb5 20.Rxa4 Nxc5 21.Bxc5 Rxc5 22.Ne3 Kf7  1/2-1/2

[Event "ch-EU"]
[Site "Liverpool ENG"]
[Date "2006.09.11"]
[Round "6"]
[White "Williams,Si"]
[Black "Short,N"]
[Result "1/2-1/2"]
[WhiteElo "2473"]
[BlackElo "2676"]

1.d4 Nf6 2.c4 e6 3.Nf3 b6 4.g3 Ba6 5.Qc2 Bb4+ 6.Bd2 Qe7 7.e4 Bb7 8.Bd3 Bxd2+
9.Nbxd2 Nc6 10.a3 d6 11.O-O-O Nd7 12.Qc3 Qf6 13.Bc2 O-O-O 14.Rhe1 g5 15.d5 Nce5
16.Nxe5 Nxe5 17.f3 Kb8 18.Rf1 c6 19.f4 gxf4 20.gxf4 Nd7 21.e5 dxe5 22.Ne4 Qg7
23.Nd6 Ba8 24.fxe5 Rhf8 25.Kb1 cxd5 26.cxd5 exd5 27.Rfe1 Nc5 28.Rg1 Qh6 29.Qg3 Qe6
30.Bf5 Qe7 31.Nxf7 Rde8 32.Nd6 Rd8 33.Nf7 Rde8 34.Nd6 Rd8 35.Qg7 Qxg7 36.Rxg7 Bc6
37.Bxh7 Rf2 38.Bc2 Rxh2 39.b4  1/2-1/2

[Event "ch-EU"]
[Site "Liverpool ENG"]
[Date "2006.09.14"]
[Round "9"]
[White "Gordon,S"]
[Black "Short,N"]
[Result "1/2-1/2"]
[WhiteElo "2443"]
[BlackElo "2676"]

1.d4 Nf6 2.c4 e6 3.Nc3 Bb4 4.Qc2 d5 5.cxd5 exd5 6.Bg5 c5 7.dxc5 h6 8.Bh4 g5
9.Bg3 Ne4 10.e3 Nc6 11.Nf3 Qa5 12.Nd2 Nxc3 13.bxc3 Bxc3 14.Rb1 Qxc5 15.Rb5 Qa3
16.Rb3 Bxd2+ 17.Qxd2 Qa5 18.Qxa5 Nxa5 19.Rb5 b6 20.h4 g4 21.Rxd5 Be6 22.Bb5+ Ke7
23.Bd6+ Kf6 24.Be5+ Ke7 25.Bd6+ Kf6 26.Be5+ Ke7  1/2-1/2

[Event "TCh-BIH"]
[Site "Vogosca BIH"]
[Date "2007.06.03"]
[Round "2"]
[White "Short,N"]
[Black "Savanovic,A"]
[Result "1-0"]
[WhiteElo "2691"]
[BlackElo "2432"]

1.e4 e5 2.Nf3 Nc6 3.Bb5 a6 4.Ba4 Nf6 5.O-O Be7 6.Re1 b5 7.Bb3 d6 8.c3 O-O
9.h3 Na5 10.Bc2 c5 11.d4 Qc7 12.Nbd2 cxd4 13.cxd4 Bd7 14.Nf1 Rac8 15.Re2 Rfe8
16.Ng3 Nc6 17.Be3 Bd8 18.Rc1 Qb7 19.a3 h6 20.Rd2 Bb6 21.dxe5 Bxe3 22.exf6 Bxd2
23.Qxd2 Ne5 24.fxg7 Nxf3+ 25.gxf3 Re6 26.Kh2 Qc7 27.f4 Rg6 28.f5 Rxg7 29.Nh5 d5+
30.f4 dxe4 31.Nxg7 Kxg7 32.Rg1+ Kf8 33.Bxe4 Be8 34.f6 Rd8 35.Rg8+  1-0

[Event "X Open"]
[Site "Banyoles ESP"]
[Date "2007.08.16"]
[Round "1"]
[White "Short,N"]
[Black "Armstrong,M"]
[Result "1-0"]
[WhiteElo "2683"]
[BlackElo "2126"]

1.e4 c6 2.Nc3 d5 3.d3 e6 4.g3 Nf6 5.e5 Nfd7 6.f4 c5 7.Nf3 Nc6 8.Bg2 a6 9.O-O Be7
10.Kh1 b5 11.a3 O-O 12.Bd2 Qc7 13.Rc1 Bb7 14.Qe1 Rae8 15.g4 f6 16.exf6 Bxf6
17.Qg3 Bxc3 18.bxc3 Qd6 19.Rce1 Nd8 20.Re2 Nf7 21.Rfe1 Bc8 22.g5 Nb6 23.f5 Qxg3
24.hxg3 e5 25.g4 e4 26.dxe4 dxe4 27.Rxe4 Rxe4 28.Rxe4 Nd6 29.Re7 Ndc4 30.Rc7 Rd8
31.Be1 Ne3 32.f6 gxf6 33.gxf6 Rd7 34.Rc6 Nec4 35.Rxc5 Bb7 36.Bf2 h6 37.Bd4 Nd5
38.Nh4 Kf7 39.Nf5 Nxa3 40.Nxh6+ Kf8 41.g5 Nxc2 42.g6 Nxd4 43.g7+  1-0

[Event "X Open"]
[Site "Banyoles ESP"]
[Date "2007.08.17"]
[Round "2"]
[White "Chasovnikova,E"]
[Black "Short,N"]
[Result "0-1"]
[WhiteElo "2223"]
[BlackElo "2683"]

1.d4 d5 2.c4 e6 3.Nc3 c5 4.cxd5 exd5 5.Nf3 Nc6 6.g3 Nf6 7.Bg2 Be7 8.O-O O-O
9.dxc5 Bxc5 10.Na4 Be7 11.Be3 Ne4 12.Rc1 Bf6 13.Nd4 Ne5 14.h3 Qa5 15.a3 Bd7
16.Nc3 Nxc3 17.Rxc3 Nc4 18.b4 Qb6 19.Nb3 Nxe3 20.Rxe3 d4 21.Rd3 Ba4 22.Qb1 Rfe8
23.Bf3 Re7 24.Nc5 Bb5 25.Rd2 Rae8 26.Be4 g6 27.a4 Bc6 28.a5 Qc7 29.Bxc6 Qxc6
30.Qd3 b6 31.Nb3 Re4 32.Qf3 Qd6 33.axb6 axb6 34.b5 Kg7 35.e3 Qb4 36.exd4 Qxb5
37.d5 h5 38.d6 Re1 39.Rxe1 Rxe1+ 40.Kh2 Qd7 41.Kg2 Re6 42.Qd5 Kh7 43.f4 Bc3
44.f5 Re5 45.fxg6+ fxg6 46.Qd3 Qc6+ 47.Qf3 Qxf3+ 48.Kxf3 Bxd2 49.Nxd2 b5
50.Ne4 Kg7 51.d7 Rd5 52.Nc5 Kf6 53.Ke4 Rd6 54.g4 hxg4 55.hxg4 Ke7 56.g5 b4
57.Ke5 Rb6 58.d8=Q+ Kxd8 59.Na4 Rc6 60.Kd5 Kd7  0-1

[Event "X Open"]
[Site "Banyoles ESP"]
[Date "2007.08.18"]
[Round "3"]
[White "Short,N"]
[Black "Przybylski,W"]
[Result "1/2-1/2"]
[WhiteElo "2683"]
[BlackElo "2373"]

1.c4 Nf6 2.g3 c6 3.Nf3 d5 4.Qb3 Nbd7 5.cxd5 cxd5 6.d4 e6 7.Nc3 a6 8.Bg2 Be7
9.O-O O-O 10.Bf4 b6 11.Ne5 Bb7 12.Rfd1 Rc8 13.a4 Nb8 14.Rac1 Nc6 15.h3 h6
16.g4 Na5 17.Qa2 Nd7 18.Nd3 Nf6 19.b3 Nc6 20.e3 Nb4 21.Qd2 Nxd3 22.Qxd3 Qd7
23.Ne2 Ba3 24.Ra1 Bb4 25.Rdc1 Rxc1+ 26.Rxc1 Rc8 27.f3 Rxc1+ 28.Nxc1 Qc6 29.Qd1 Nd7
30.Bf1 g5 31.Bg3 Qc3 32.Nd3 Be7 33.Kg2 Kg7 34.Be2 f6 35.h4 e5 36.hxg5 hxg5
37.dxe5 fxe5 38.Be1 Qc8 39.Qd2 a5 40.Bg3 Bf6 41.Bd1 Qc6 42.Qc2 e4 43.fxe4 dxe4
44.Qxc6  1/2-1/2

[Event "X Open"]
[Site "Banyoles ESP"]
[Date "2007.08.21"]
[Round "6"]
[White "Mohota,N"]
[Black "Short,N"]
[Result "0-1"]
[WhiteElo "2332"]
[BlackElo "2683"]

1.d4 e6 2.c4 Bb4+ 3.Nd2 c5 4.a3 Bxd2+ 5.Qxd2 cxd4 6.Nf3 Nf6 7.Nxd4 O-O 8.e3 d5
9.cxd5 Qxd5 10.Nf3 Qh5 11.b4 e5 12.Bb2 Re8 13.Rc1 Bg4 14.Be2 Nc6 15.h3 Rad8
16.Qc2 e4 17.Nh2 Bxe2 18.Qxe2 Ne5 19.Bxe5 Qxe5 20.O-O Rd3 21.a4 Nd5 22.Rc4 Qe7
23.Qe1 Nb6 24.Rc5 Nxa4 25.Rc1 h6 26.b5 b6 27.Rc6 Qe5 28.Qa1 Qxb5  0-1

[Event "Cez Trophy Rapid Match"]
[Site "Prague CZE"]
[Date "2007.08.31"]
[Round "6"]
[White "Navara,D"]
[Black "Short,N"]
[Result "1/2-1/2"]
[WhiteElo "2656"]
[BlackElo "2683"]

1.d4 e6 2.e4 d5 3.Nc3 Bb4 4.Ne2 Ne7 5.a3 Ba5 6.g3 dxe4 7.b4 Bb6 8.Nxe4 e5
9.dxe5 Qxd1+ 10.Kxd1 Bf5 11.Bg2 Nbc6 12.f4 a5 13.Bb2 axb4 14.axb4 Rxa1+ 15.Bxa1 Nxb4
16.Nd4 O-O 17.Kc1 Ra8 18.Bb2 Bxd4 19.Bxd4 Ra4 20.Rd1 Nbc6 21.Bc5 Bxe4 22.Bxe4 Rxe4
23.Bxe7 f6 24.Bd8 fxe5 25.Bxc7 exf4 26.Bxf4 h6 27.Rd7 b5 28.Kd2 Rc4 29.Rc7 Rd4+
30.Ke3 Rc4 31.Kd2 Rd4+ 32.Kc3 Rc4+ 33.Kb2 Rb4+ 34.Kc3  1/2-1/2

[Event "Corus B"]
[Site "Wijk aan Zee NED"]
[Date "2008.01.25"]
[Round "11"]
[White "Smeets,J"]
[Black "Short,N"]
[Result "0-1"]
[WhiteElo "2573"]
[BlackElo "2645"]

1.e4 e6 2.d4 d5 3.Nc3 Nf6 4.Bg5 Bb4 5.exd5 Qxd5 6.Bxf6 gxf6 7.Qg4 Nc6 8.Ne2 Bd7
9.O-O-O Qa5 10.Qg7 Ke7 11.a3 Bd6 12.Ne4 Qf5 13.Nxd6 cxd6 14.Qg3 Rac8 15.Nc3 Na5
16.Qe3 Nc4 17.Bxc4 Rxc4 18.b3 Rcc8 19.Kb2 h5 20.Rhe1 Rhg8 21.g3 b6 22.d5 e5
23.f4 Qg6 24.Rd2 h4 25.gxh4 Rce8 26.Ne4 f5 27.Ng3 Kd8 28.Rf1 Qh6 29.Rdf2 Rg4
30.Qc3 Rxf4 31.Qd2 Qh8 32.Ka2 Rxf2 33.Rxf2 f4 34.Ne4 Ke7 35.Qb4 Qh6 36.Re2 f3
37.Nxd6 Qxd6 38.Rxe5+ Be6 39.Qf4 f2 40.Qg5+ Kd7 41.dxe6+ fxe6  0-1

[Event "Rapid Match"]
[Site "Kiev UKR"]
[Date "2008.05.03"]
[Round "2"]
[White "Short,N"]
[Black "Karjakin,Sergey"]
[Result "0-1"]
[WhiteElo "2655"]
[BlackElo "2727"]

1.e4 c5 2.Nc3 d6 3.f4 g6 4.Nf3 Bg7 5.Bc4 Nc6 6.d3 e6 7.O-O Nge7 8.a3 O-O
9.Ba2 Nd4 10.Kh1 Bd7 11.Bd2 Nec6 12.Ng5 h6 13.Nh3 b5 14.Rc1 a5 15.Nb1 b4
16.c3 b3 17.Bxb3 Nxb3 18.Qxb3 Rb8 19.Qa2 e5 20.f5 gxf5 21.exf5 Qf6 22.g4 Qh4
23.Nf2 c4 24.Rce1 Ne7 25.Re3 Bc6+ 26.Kg1 Nd5 27.Rh3 Qd8 28.dxc4 Nf4 29.Bxf4 exf4
30.b4 Re8 31.Qd2 Re3 32.Rxe3 fxe3 33.Qxe3 Qf6 34.Re1 h5 35.b5 Ba8 36.Qe7 Rc8
37.Qxf6 Bxf6 38.gxh5 Kh7 39.Ng4 Bh4 40.Rd1 Bf3 41.Rd4 Re8 42.Nd2 Re1+ 43.Nf1 Rc1
44.Ne3 Be1 45.Rxd6 Rxc3 46.a4 Rb3 47.Rd2 Bxd2 48.Nxd2 Rxe3 49.Kf2 Rc3 50.Nxf3 Rxc4
51.Ng5+ Kg7 52.h6+ Kxh6 53.Nxf7+ Kg7 54.Nd8 Rxa4 55.Nc6 Ra2+ 56.Ke3 a4 57.Kd4 Rb2
58.Kc4 a3 59.Nb4 Rxb4+ 60.Kxb4 a2  0-1

[Event "III President's Cup"]
[Site "Baku AZE"]
[Date "2008.05.12"]
[Round "1"]
[White "Djabbarov,E"]
[Black "Short,N"]
[Result "0-1"]
[WhiteElo "2130"]
[BlackElo "2660"]

1.d4 e6 2.c4 b6 3.Nf3 Bb7 4.e3 f5 5.Nc3 Bb4 6.Bd2 Nf6 7.Be2 O-O 8.a3 Bxc3
9.Bxc3 Ne4 10.Qc2 d6 11.Bd3 Nd7 12.O-O-O Qe7 13.Rhg1 c5 14.Kb1 Rac8 15.Be1 b5
16.Qe2 bxc4 17.Bxc4 Nb6 18.dxc5 Nxc4 19.Qxc4 Rxc5 20.Qe2 Bd5 21.Bb4 Rb8 22.Rc1 Qb7
23.Rgd1 Rxc1+ 24.Rxc1 a5  0-1

[Event "III President's Cup"]
[Site "Baku AZE"]
[Date "2008.05.13"]
[Round "2"]
[White "Short,N"]
[Black "Khotenashvili,B"]
[Result "1/2-1/2"]
[WhiteElo "2660"]
[BlackElo "2333"]

1.e4 c6 2.d4 d5 3.e5 Bf5 4.h4 h5 5.c4 dxc4 6.Bxc4 e6 7.Nc3 Be7 8.Nf3 Bg4
9.Qb3 b5 10.Be2 Bxf3 11.Bxf3 Qxd4 12.O-O Qxe5 13.Nxb5 Nf6 14.g3 a6 15.Na3 O-O
16.Bf4 Qc5 17.Rac1 Qb4 18.Qxb4 Bxb4 19.Nc4 Nd5 20.Bxb8 Rfxb8 21.Bxh5 Bf8
22.b3 g6 23.Bf3 Bh6 24.Rc2 Nb4 25.Re2 a5 26.Ne5 Ra6 27.h5 gxh5 28.Bxh5 Rb7
29.Rd1 Nd5 30.Rc2 Rc7 31.Rc4 Bg7 32.Nd3 Nb4 33.Nc5 Ra8 34.Rd2 Bh6 35.Re2 Rd8
36.Kg2 Rd2 37.Rxd2 Bxd2 38.a3 Nd5 39.Nd3 Bc3 40.Bf3 Bf6 41.Rc5 Rb7 42.Bd1 Nc3
43.Bc2 Nb5 44.Rxc6 Nxa3 45.Nc5 Rb4 46.Bd1 Rd4 47.Bh5 Rd5 48.Bf3 Rd4 49.Rc8+ Rd8
50.Rc7 Nb5 51.Rb7 Nd6 52.Ra7 Bc3  1/2-1/2

[Event "III President's Cup"]
[Site "Baku AZE"]
[Date "2008.05.17"]
[Round "6"]
[White "Short,N"]
[Black "Morchiashvili,B"]
[Result "1-0"]
[WhiteElo "2660"]
[BlackElo "2421"]

1.e4 c6 2.d4 d5 3.e5 Bf5 4.h4 h5 5.c4 e6 6.Nc3 Be7 7.cxd5 cxd5 8.Bd3 Bxd3
9.Qxd3 Nc6 10.Nf3 a6 11.g3 Bb4 12.Bd2 Nge7 13.O-O Nf5 14.Kg2 g6 15.a3 Be7
16.Ne2 O-O 17.Bg5 Bxg5 18.Nxg5 Qb6 19.Nf3 Rfc8 20.Rab1 Rc7 21.Rfd1 Rac8 22.Rd2 Qb5
23.Qxb5 axb5 24.Nc3 Na7 25.Ne1 Rc4 26.Nc2 b4 27.Nxb4 Nxd4 28.Ncxd5 exd5 29.b3 Rxb4
30.axb4 Ndb5 31.Re1 d4 32.e6 Re8 33.exf7+ Kxf7 34.Rxe8 Kxe8 35.g4 hxg4 36.f3 g3
37.Kxg3 Nc6 38.f4 Nxb4 39.f5 Nd6 40.Re2+ Kf8 41.fxg6 d3 42.Rf2+ Kg7 43.Kf4 Kxg6
44.Ke3 Kh5 45.Rf8 Kxh4 46.Rf4+ Kg5 47.Rxb4 Kf6 48.Kxd3 Ke5 49.Rg4 Kd5 50.Rg5+ Kc6
51.Rh5 Kc7 52.Kd4 Kc6 53.Rh6 Kc7 54.Kd5 Nc8 55.Kc5 Kb8 56.Rh8 Kc7 57.Rh7+ Kb8
58.b4 Ka7 59.Rh6 Ne7 60.b5 Kb8  1-0

[Event "Rapid Match"]
[Site "Kiev UKR"]
[Date "2008.06.07"]
[Round "10"]
[White "Short,N"]
[Black "Karjakin,Sergey"]
[Result "0-1"]
[WhiteElo "2655"]
[BlackElo "2727"]

1.e4 e5 2.Nf3 Nc6 3.Bb5 a6 4.Ba4 Nf6 5.O-O Bc5 6.c3 b5 7.Bb3 d6 8.d4 Bb6
9.Be3 Bg4 10.d5 Bxe3 11.fxe3 Ne7 12.Nbd2 O-O 13.Qe1 c6 14.dxc6 Nxc6 15.Nh4 Na5
16.Qg3 Nxb3 17.axb3 Bh5 18.b4 Bg6 19.Nxg6 hxg6 20.Qh4 d5 21.exd5 Nxd5 22.Qf2 a5
23.bxa5 Rxa5 24.Rad1 Qa8 25.Ne4 Ra6 26.Qf3 Nf6 27.Nxf6+ gxf6 28.e4 Qc6 29.h4 Qb6+
30.Rf2 Rd8 31.Rf1 Kg7 32.g4 Rd2 33.Kg2 Rxf2+ 34.Rxf2 Qe6 35.g5 fxg5 36.hxg5 b4
37.Qh3 Qc4 38.Qf3 bxc3 39.bxc3 Rc6 40.Kh2 Qb3 41.Kg2 Kg8 42.Rd2 Rxc3 43.Qf2 Qe6
44.Qh4 Rc8 45.Qg3 Kg7 46.Rd5 Rc2+ 47.Kh1 Qb6 48.Rd1 Qb2 49.Qh3 Rc1 50.Qf1 Rxd1
51.Qxd1 Qf2 52.Qg4 Qf4 53.Qg2 Kf8 54.Kg1 Ke7 55.Kh1 Kd6 56.Kg1 Kc5 57.Kh1 Kd4
58.Qb2+ Kxe4 59.Qc2+ Kd5 60.Qb3+ Kd6 61.Qb6+ Ke7 62.Qc5+ Ke6 63.Qc8+ Kd6
64.Qd8+ Kc5 65.Qa5+ Kc4 66.Qa4+ Kd5 67.Qa8+ Kd4 68.Qa4+ Ke3 69.Qb3+ Kf2 70.Qc2+ Kg3
71.Qf2+ Kg4 72.Qg2+ Kf5 73.Qh3+ Kxg5 74.Qg3+ Kf6  0-1

[Event "ch-Commonwealth"]
[Site "Nagpur IND"]
[Date "2008.09.28"]
[Round "1"]
[White "Short,N"]
[Black "Gagare,Shar"]
[Result "1-0"]
[WhiteElo "2655"]
[BlackElo "2070"]

1.e4 c6 2.d4 d5 3.e5 c5 4.dxc5 Nc6 5.Bf4 e6 6.Nd2 Bxc5 7.Nb3 Bb6 8.Qg4 Kf8
9.Nf3 Qc7 10.Bd3 Nge7 11.O-O Ng6 12.Bxg6 hxg6 13.c3 Bd7 14.Rfe1 Ne7 15.Be3 Qc4
16.h3 Bxe3 17.Rxe3 Nf5 18.Ree1 Qxg4 19.hxg4 Nh6 20.g5 Nf5 21.g4 Ne7 22.Kg2 Rc8
23.Kg3 b6 24.Nbd4 Nc6 25.Nxc6 Rxc6 26.Rh1 Rg8 27.Nd4 Rc8 28.Rh7 Ke7 29.Kf4 a5
30.Ke3 Rc4 31.Kd3 Rc7 32.f4 Rc5 33.Rah1 Rcc8 34.R1h2 Rcd8 35.Nc2 Rc8 36.Ne3 Bb5+
37.Kd4 Bc6 38.f5 gxf5 39.gxf5 Kf8 40.f6 g6 41.Rh8 Bb5 42.b3 a4 43.bxa4 Bxa4
44.R2h7 Bb5 45.c4 dxc4 46.Ng4 Rd8+ 47.Kc3 Rd3+ 48.Kb4  1-0

[Event "ch-Commonwealth"]
[Site "Nagpur IND"]
[Date "2008.09.29"]
[Round "2"]
[White "Arun,Ka"]
[Black "Short,N"]
[Result "0-1"]
[WhiteElo "2277"]
[BlackElo "2655"]

1.e4 e6 2.d4 d5 3.Nc3 Nf6 4.e5 Nfd7 5.f4 c5 6.Nf3 Nc6 7.Be3 Be7 8.dxc5 Nxc5
9.Be2 a6 10.O-O b5 11.a3 O-O 12.Nd4 Bd7 13.Qd2 Qc7 14.Rad1 Rfd8 15.Nxc6 Bxc6
16.Bd4 Rab8 17.Qe3 Ne4 18.Nxe4 dxe4 19.Ba7 Rb7 20.Rxd8+ Bxd8 21.Bc5 Bd5 22.Rd1 f5
23.exf6 Bxf6 24.c3 Qc6 25.Bd4 Bd8 26.Re1 Rf7 27.Bh5 g6 28.Bd1 Bc7 29.g3 Re7
30.Bc5 e5 31.fxe5 Rxe5 32.b4 Bd6 33.Bd4 Rf5 34.Bg4 Rf7 35.Rd1 Be7 36.Rf1 Rxf1+
37.Kxf1 Be6 38.Be2 Bc4 39.Kg1 Bxe2 40.Qxe2 Qe6 41.Kg2 h5 42.Kg1 Kf7 43.Kg2 Ke8
44.h3 Kd7 45.Qd1 Kc8 46.Qe2 Kb7 47.Bf2 Bg5  0-1

[Event "ch-Commonwealth"]
[Site "Nagpur IND"]
[Date "2008.09.30"]
[Round "3"]
[White "Short,N"]
[Black "Sangma,R"]
[Result "0-1"]
[WhiteElo "2655"]
[BlackElo "2339"]

1.e4 e5 2.Nf3 Nc6 3.Bb5 a6 4.Ba4 Nf6 5.O-O Be7 6.Re1 b5 7.Bb3 d6 8.c3 O-O
9.a4 Bg4 10.h3 Bxf3 11.Qxf3 Na5 12.Bd1 c5 13.axb5 axb5 14.d3 Qc7 15.Qg3 Kh8
16.f4 c4 17.Kh1 Rfd8 18.Na3 Rab8 19.Ra2 cxd3 20.Qxd3 d5 21.Nxb5 Qc4 22.Qxc4 Nxc4
23.Na7 Nxe4 24.Nc6 Nf2+ 25.Kh2 Nd3 26.Be2 Nxe1 27.Nxe7 e4 28.Nc6 Ra8 29.Rxa8 Rxa8
30.b3 Nd3 31.Bxd3 exd3 32.bxc4 Ra1 33.Bd2 Ra2 34.cxd5 Rxd2 35.d6 Ra2  0-1